Leila - tíz színben... mit gyártanak a Szegedi Vegyi és Kultúrcikk Ktsz-ben?

Elmentve itt :
Bibliográfiai részletek
Dokumentumtípus: Cikk
Megjelent: 1962-08-12
Sorozat:Délmagyarország 52 No. 188
Kulcsszavak:Univerzál Ktsz., Vegyipar szappan 1962, Vegyipar körömlakk 1962
Online Access:http://dmarchiv.bibl.u-szeged.hu/65483
LEADER 00507nab a2200145 i 4500
001 delm65483
005 20180927151343.0
008 180927s1962 hu o 0|| hun d
040 |a SZTE Délmagyarország Archívum  |b hun 
041 |a hun 
245 0 0 |a Leila - tíz színben...   |h [elektronikus dokumentum] :  |b mit gyártanak a Szegedi Vegyi és Kultúrcikk Ktsz-ben? 
260 |c 1962-08-12 
300 |a 7 
490 0 |a Délmagyarország  |v 52 No. 188 
695 |a Univerzál Ktsz., Vegyipar szappan 1962, Vegyipar körömlakk 1962